Cartas de amor a Mina Loy

-д хадгалсан:
Номзүйн дэлгэрэнгүй
Үндсэн зохиолч: Cravan, Arthur (Зохиогч)
Формат: Ном
Хэл сонгох:испани
Хэвлэсэн: Cáceres Periférica 2012
Хэвлэл:1a. ed
Цуврал:Periférica, 43
Нөхцлүүд:
Шошгууд: Шошго нэмэх
Шошго байхгүй, Энэхүү баримтыг шошголох эхний хүн болох!

MARC

LEADER 00000cam a2200000 a 4500
001 UCF9991
003 CL-VaPUC
008 131227e20120200sp |||||||||||||||||spa|d
020 |a 9788492865529 
082 0 4 |a 840  |b CRA  |2 21 
100 0 |a Cravan, Arthur  |e author  |9 572390 
245 1 0 |a Cartas de amor a Mina Loy 
250 |a 1a. ed 
300 |a 71 p 
942 |c BK 
945 |d 20131227 10:32:00  |a dcastane 
260 |a Cáceres  |b Periférica  |c 2012 
650 7 |a LITERATURA SUIZA  |2 CL-VaPUC  |9 572391 
650 0 |a Cartas  |9 321777 
650 0 |a Correspondencia  |9 258963 
583 |a last modification  |c 20131227 10:32:00  |k Rodrigo Vera 
490 0 |a Periférica, 43 
999 |c 354314  |d 354312 
952 |0 0  |1 0  |3 erb  |4 0  |6 840_000000000000000_CRA_2012  |7 0  |8 A  |9 460095  |a BIBART  |b BIBART  |i 5037360  |o 840 CRA 2012  |p 5037360  |r 2025-03-13  |w 2019-11-23  |y BK  |z Catalogado en:20131227  |k ART